Normal view
MARC view
- جرائم الحاسبات الالكترونية -- الاردن
Entry Topical Term
001 - CONTROL NUMBER
- control field: 46745
003 - CONTROL NUMBER IDENTIFIER
- control field: JO-AjAnu
005 - DATE AND TIME OF LATEST TRANSACTION
- control field: 20230606081725.0
008 - FIXED-LENGTH DATA ELEMENTS
- fixed length control field: 230606|| aca||aabn | a|a d
040 ## - CATALOGING SOURCE
- Original cataloging agency: JO-AjAnu
- Transcribing agency: JO-AjAnu
150 ## - HEADING--TOPICAL TERM
- Topical term or geographic name entry element: جرائم الحاسبات الالكترونية -- الاردن
670 ## - SOURCE DATA FOUND
- Source citation: Work cat.: (JO-AjAnu)23926: إعداد عايد رجا الخلاليلة؛ محمد يوسف الزعبي, author 46744, مدى خضوع المسؤولية الناشئة عن إساءة استخدام اجهزة الحاسوب والانترنت للقواعد العامة في المسؤولية التقصيرية : دراسة مقارنة بين القانون الفرنسي والمصري والأردني